000 00323nam a2200121Ia 4500
008 220204s9999 xx 000 0 und d
082 _a543
_bKUW.1
245 0 _aPhysical methods in modern chemical analysis. V 1
260 _aNew York
_bAcademic
_c1978
650 _aspectrometry
700 _aKuwana, Theodore
942 _cBK
999 _c33348
_d33348